Statistics for 10 Northernmost Capital Cities in Africa

Click here to take the quiz!

General Stats

  • This quiz has been taken 259 times
  • The average score is 7 of 10

Answer Stats

Latitude Capital City % Correct
30°03′NCairo
97%
36°48′NTunis
96%
36°46′NAlgiers
91%
34°02'NRabat
87%
32°54′NTripoli
86%
15°38′NKhartoum
70%
14°41′NDakar
56%
18°06′NNouakchott
51%
15°20′NAsmara
39%
14°91'NPraia
26%

Score Distribution

Percentile by Number Answered

Percent of People with Each Score

Your Score History

You have not taken this quiz